Designing capable and reliable products / (Record no. 70134)
[ view plain ]
| 000 -LEADER | |
|---|---|
| fixed length control field | 01168cam a22003375a 4500 |
| 001 - CONTROL NUMBER | |
| control field | 13711410 |
| 003 - CONTROL NUMBER IDENTIFIER | |
| control field | NUST - PNEC |
| 005 - DATE AND TIME OF LATEST TRANSACTION | |
| control field | 20170116181134.0 |
| 008 - FIXED-LENGTH DATA ELEMENTS--GENERAL INFORMATION | |
| fixed length control field | 040907s2001 enka b 001 0 eng d |
| 010 ## - LIBRARY OF CONGRESS CONTROL NUMBER | |
| LC control number | 2004351729 |
| 015 ## - NATIONAL BIBLIOGRAPHY NUMBER | |
| National bibliography number | GBA2-40624 |
| 020 ## - INTERNATIONAL STANDARD BOOK NUMBER | |
| International Standard Book Number | 0750650761 |
| 035 ## - SYSTEM CONTROL NUMBER | |
| System control number | (OCoLC)ocm47030836 |
| 040 ## - CATALOGING SOURCE | |
| Original cataloging agency | EYM |
| Transcribing agency | LIBRARY |
| Modifying agency | TXA |
| -- | MIA |
| -- | UKM |
| -- | DLC |
| 042 ## - AUTHENTICATION CODE | |
| Authentication code | lccopycat |
| 082 04 - DEWEY DECIMAL CLASSIFICATION NUMBER | |
| Classification number | 658.5752 BOO |
| Edition number | 21 |
| 100 1# - MAIN ENTRY--PERSONAL NAME | |
| Personal name | Booker, J. D. |
| 245 10 - TITLE STATEMENT | |
| Title | Designing capable and reliable products / |
| Statement of responsibility, etc. | J.D. Booker, M. Raines, K.G. Swift. |
| 260 ## - PUBLICATION, DISTRIBUTION, ETC. | |
| Place of publication, distribution, etc. | Oxford ; |
| -- | Boston : |
| Name of publisher, distributor, etc. | Butterworth Heinemann, |
| Date of publication, distribution, etc. | 2001. |
| 300 ## - PHYSICAL DESCRIPTION | |
| Extent | xiv, 400 p. : |
| Other physical details | ill. ; |
| Dimensions | 26 cm. |
| 504 ## - BIBLIOGRAPHY, ETC. NOTE | |
| Bibliography, etc. note | Includes bibliographical references (p. [381]-[394]) and index. |
| 650 #0 - SUBJECT ADDED ENTRY--TOPICAL TERM | |
| Topical term or geographic name entry element | Reliability (Engineering) |
| General subdivision | General |
| 650 #0 - SUBJECT ADDED ENTRY--TOPICAL TERM | |
| Topical term or geographic name entry element | Industrial design. |
| 650 #0 - SUBJECT ADDED ENTRY--TOPICAL TERM | |
| Topical term or geographic name entry element | Manufacturing processes. |
| 700 1# - ADDED ENTRY--PERSONAL NAME | |
| Personal name | Raines, M. |
| 700 1# - ADDED ENTRY--PERSONAL NAME | |
| Personal name | Swift, K. G. |
| 856 41 - ELECTRONIC LOCATION AND ACCESS | |
| Materials specified | Table of contents |
| Uniform Resource Identifier | <a href="http://www.loc.gov/catdir/toc/els051/2004351729.html">http://www.loc.gov/catdir/toc/els051/2004351729.html</a> |
| 856 42 - ELECTRONIC LOCATION AND ACCESS | |
| Materials specified | Publisher description |
| Uniform Resource Identifier | <a href="http://www.loc.gov/catdir/description/els051/2004351729.html">http://www.loc.gov/catdir/description/els051/2004351729.html</a> |
| 942 ## - ADDED ENTRY ELEMENTS (KOHA) | |
| Source of classification or shelving scheme | |
| Koha item type | Book |
| Withdrawn status | Lost status | Source of classification or shelving scheme | Damaged status | Not for loan | Permanent Location | Current Location | Shelving location | Date acquired | Total Checkouts | Full call number | Barcode | Date last seen | Price effective from | Koha item type |
|---|---|---|---|---|---|---|---|---|---|---|---|---|---|---|
| Pakistan Navy Engineering College (PNEC) | Pakistan Navy Engineering College (PNEC) | 10/07/2015 | 658.5752 BOO | PNECLIB-025783 | 10/07/2015 | Book |
